[Event "ESP-chT"]
[Site "Lanzarote"]
[Date "2003.05.09"]
[Round "4.1"]
[White "Gurevich, Mikhail"]
[Black "Graf, Alexander"]
[Result "1/2-1/2"]
[WhiteElo "2635"]
[BlackElo "2630"]
[Annotator "Gurevich,M"]
[PlyCount "100"]
[EventDate "2003.05.06"]
[EventType "team"]
[EventRounds "9"]
[EventCountry "ESP"]
[SourceTitle "CBM 094 Extra"]
[Source "ChessBase"]
[SourceDate "2003.07.09"]
[SourceVersion "2"]
[SourceVersionDate "2003.07.09"]
[SourceQuality "1"]
[WhiteTeam "La Caja de Canarias"]
[BlackTeam "Morgote CA"]
[WhiteTeamCountry "ESP"]
[BlackTeamCountry "ESP"]

1. d4 Nf6 2. c4 e6 3. Nc3 Bb4 4. Qc2 c5 5. dxc5 O-O 6. a3 Bxc5 7. Nf3 b6 8. Bg5
Be7 9. e3 Bb7 10. Be2 d6 11. O-O Nbd7 12. Rfd1 Qb8 $5 {TN [ /\13...Rd8,
Nd7-f8-g6} (12... a6 13. Bf4 $5 (13. Rac1 Rc8 14. Qb1 Qc7 15. Bh4 Rfd8 16. h3
Qb8 17. Nd2 Qa8 18. Bf1 Re8 $13 {1-0 Kaposztas,M-Berczes,D/Budapest HUN 2003/
The Week in Chess 436 (27)}) 13... Qc7 14. Qd2 e5 15. Bg5 Rac8 16. Rac1 Qb8 17.
Nh4 Rfd8 18. Nf5 Bf8 19. b4 h6 20. Bh4 g5 21. Bg3 Qa8 22. f3 $16 {1-0 Morovic
Fernandez,I-Milos,G/Santos BRA 2003/The Week in Chess 442 (45)}) 13. Bf4 $5 Rd8
(13... Nh5 14. Ng5 $36) 14. b4 (14. Ng5 $5 {н/\15.Nge4 Graf,A}) 14... Nf8 15.
c5 $5 Ne8 (15... Ng6 16. Bg3 bxc5 17. bxc5 Qc7 18. Rab1 $36) 16. Rac1 (16. Ne4
Qc8 17. Rac1 Bxe4 18. Qxe4 Nf6 19. Qc2 dxc5 $13) 16... Ng6 17. Bg3 bxc5 18.
bxc5 Qc8 $1 {[/\19...dxc5;} (18... Qc7 19. Qb1 Bxf3 20. Bxf3 Rab8 21. Qd3 Qxc5
22. Nd5 $13) 19. Ne4 dxc5 (19... d5 20. Ned2 Ba6 21. Nb3 $14) 20. Nxc5 Rxd1+ (
20... Qxc5 21. Qxc5 Bxc5 22. Rxd8 Rxd8 23. Rxc5 $14) 21. Bxd1 Bd5 $1 {[/\22...
Qd8,23...Rc8=]} 22. e4 $5 Qxc5 23. Qxc5 Bxc5 24. exd5 Bxa3 25. Ra1 Bd6 (25...
Bc5 26. dxe6 fxe6 27. Bb3 Nf8 28. Ng5 $14) 26. dxe6 fxe6 27. Bxd6 (27. Nd4 $5
$44 {(н/\28.Bf3)}) 27... Nxd6 28. Ra6 Rd8 29. Bb3 Nf8 30. Rxa7 $14 Ne4 $5 {
[/\ 31...Nd2=;31...Nc5]} 31. Ra2 Nc5 32. Bc2 h6 33. g3 Rd5 34. Ra8 Kf7 35. Kg2
Nfd7 $11 36. h4 Ne5 37. Nxe5+ Rxe5 38. Bh7 Rd5 39. Bg8+ Ke7 40. Ra5 (40. Bh7
Kf7 $11) 40... Kf6 41. Rb5 h5 42. Ra5 Rf5 43. Ra7 Kg6 44. Rc7 Ne4 45. f3 Rc5
46. Bf7+ Kh6 47. Re7 Rc2+ 48. Kg1 Rc1+ 49. Kh2 Rc2+ 50. Kg1 Rc1+ 1/2-1/2

[Event "Olympiad-30"]
[Site "Manila"]
[Date "1992.06.10"]
[Round "3.1"]
[White "Gurevich, Mikhail"]
[Black "Georgiev, Kiril"]
[Result "1/2-1/2"]
[WhiteElo "2635"]
[BlackElo "2605"]
[Annotator "Gurevich,M"]
[PlyCount "66"]
[EventDate "1992.06.08"]
[EventType "team-swiss"]
[EventRounds "14"]
[EventCountry "PHI"]
[SourceTitle "CBM 030"]
[Source "ChessBase"]
[SourceDate "1992.10.01"]
[SourceVersion "1"]
[SourceVersionDate "1992.10.01"]
[SourceQuality "1"]
[WhiteTeam "Belgium"]
[BlackTeam "Bulgaria"]
[WhiteTeamCountry "BEL"]
[BlackTeamCountry "BUL"]

1. d4 Nf6 2. c4 e6 3. Nc3 Bb4 4. Qc2 O-O 5. Nf3 c5 6. dxc5 Na6 7. g3 Nxc5 8.
Bd2 {[ 8.Bg2 is the regular move, Gurevich beat Ehlvest a week ago in the
French Team Championship with this move ]} b6 9. Bg2 Bb7 10. O-O Nce4 $1 $10 {
[#] A simple good move which is a theoretical novelty and which equalises.
White tries to create something, but after the forced exchange it is very
difficult.} (10... Rc8 {[ Is the normal move. ]}) 11. Nxe4 Bxe4 12. Qa4 Bxd2
13. Nxd2 Bxg2 14. Kxg2 Qc7 15. Qa3 Rfc8 16. Rac1 h6 17. Rfd1 Qe5 18. Nf3 {
[ If 18..Qxe2 19.Re1 traps the queen ]} Qe4 19. Qd3 Qxd3 20. exd3 Rc7 21. Nd4
Kf8 22. Rc3 d5 {[ Maybe not best - Gurevich ]} 23. Nb5 Rb7 24. Ra3 (24. Rdc1 {
[ /\ Ra3 was better, Black's reply is quite unexpected since he just played ..
Rb7 but nevertheless it is very good and White must now play accurately ]})
24... Rd7 $1 25. Rc1 dxc4 26. dxc4 Rd2 27. b4 {[ Active play secures the draw ]
} Rb2 28. Rxa7 Rxa7 29. Nxa7 Rxb4 30. c5 bxc5 31. Rxc5 g5 {[ If 31..Ra4 32.
Rc8+ and Rc7+ ]} 32. Rc2 Nd5 33. Nc6 Ra4 {[ Thanks to Mikhail Gurevich for his
comments ]} 1/2-1/2

[Event "Hoogovens"]
[Site "Wijk aan Zee"]
[Date "1995.01.??"]
[Round "1"]
[White "Hansen, Lars Bo"]
[Black "Nikolic, Predrag"]
[Result "0-1"]
[WhiteElo "2580"]
[BlackElo "2655"]
[Annotator "Hansen,LB"]
[PlyCount "66"]
[EventDate "1995.01.??"]
[EventType "k.o."]
[EventRounds "5"]
[EventCountry "NED"]
[SourceTitle "CBM 045"]
[Source "ChessBase"]
[SourceDate "1995.04.01"]
[SourceVersion "1"]
[SourceVersionDate "1995.04.01"]
[SourceQuality "1"]

1. Nf3 Nf6 2. c4 e6 3. Nc3 Bb4 4. Qc2 O-O 5. d4 c5 6. dxc5 Na6 7. g3 Nxc5 8.
Bg2 Nce4 9. O-O Nxc3 10. bxc3 Bc5 $5 (10... Be7 11. e4 (11. Bf4 d6 12. c5 $5
dxc5 13. c4 Nd7 14. Rab1 Qe8 15. Bc7 Bd8 16. Bd6 Be7 17. Bc7 Bd8 18. Bd6 Be7 {
1/2-1/2/Crouch,C-Polugaevsky,L/Hastings/1992/}) (11. Nd4 Qc7 12. Qb3 d6 13. Ba3
Nd7 14. Nb5 Qb8 15. Rab1 a6 16. Nd4 Qc7 17. f4 Nf6 18. Rb2 d5 19. Bxe7 Qxe7 20.
Qb4 Qc7 21. cxd5 Nxd5 22. Bxd5 exd5 23. f5 Re8 24. f6 Re3 25. fxg7 Rxg3+ 26.
hxg3 Qxg3+ 27. Kh1 Qh4+ 28. Kg1 Qg3+ 29. Kh1 {1/2-1/2/Ftacnik,L-Schlosser,P/
Brno/1992/}) 11... d6 12. e5 dxe5 13. Nxe5 Qc7 14. Qe2 Bd6 $5 (14... Nd7 15.
Bf4 Nxe5 16. Bxe5 Bd6 17. Bxd6 Qxd6 18. Rab1 (18. Qe3 Qc7 19. Rab1 $5 Qxc4 20.
Rb4 Qxa2 21. Rg4 Qa5 $13 {Annakov,B-Utemov,V/Moscow-ch/1994/}) 18... Rb8 19.
Rfd1 Qc7 20. Qe3 b6 21. c5 Bd7 22. cxb6 axb6 23. Qd4 Bc6 24. Qd6 Qxd6 25. Rxd6
Bxg2 26. Kxg2 b5 $10 {Bareev,E-Kortchnoj,V/Tilburg/1991/}) 15. Bf4 Ne8 16. Rab1
f6 $1 17. Nd3 Qxc4 18. Bxd6 Nxd6 $15 {Hertneck,G-Karpov,A/Baden Baden/1992/})
11. Rb1 (11. Nd4 $5 d6 12. Nb3 Qc7 13. Nxc5 Qxc5 14. Qb3 Qc7 15. Rd1 Nd7 16.
Ba3 Nc5 17. Bxc5 dxc5 18. Rd2 Rb8 19. Rad1 b6 20. Qa4 $14 {Wiedenkeller,
M-Schneider,LA/SVE-ch/1992}) (11. e4 $5 d6 12. e5 {Nikolic,P}) 11... d6 12. Nd4
Qc7 13. Nb3 Bb6 14. Qd3 e5 $1 (14... Ng4 $6 15. Ba3 $1 $16) 15. Ba3 Rd8 16.
Rfd1 e4 $1 $8 (16... Ne8 17. c5 dxc5 18. Qxd8 Qxd8 19. Rxd8 Bxd8 20. Nxc5 $16)
17. Bxe4 Nxe4 18. Qxe4 Be6 $10 19. Nd2 $5 (19. Nd4 $142 Qxc4 20. Qxb7 $10 {
P.Nikolic}) 19... Rac8 20. Qf4 h6 21. Rb2 $6 (21. Rb3 $142 $10) 21... Qc6 22.
Bb4 $4 (22. Rb3 $142) 22... Qa4 $1 $19 {X Bb4} 23. Ra1 (23. Rb3 $142) 23... Bc7
$1 24. Rb3 a5 25. Ra3 Qc2 $1 26. Rxa5 $8 (26. Bxa5 Qb2 $19) 26... d5 $1 27. Qe3
dxc4 28. Nf3 Bxa5 29. Bxa5 Rd1+ 30. Rxd1 Qxd1+ 31. Kg2 Re8 32. Qd2 Qxd2 33.
Nxd2 Ra8 (33... Ra8 34. Bb6 Rxa2 35. Be3 (35. Nf3 Rxe2 $19) 35... Rc2 $19) 0-1

[Event "Alushta"]
[Site "Alushta"]
[Date "1993.??.??"]
[Round "?"]
[White "Lazarev, Vladimir"]
[Black "Dragomarezkij, Evgeni"]
[Result "1-0"]
[WhiteElo "2430"]
[BlackElo "2465"]
[Annotator "Hansen,LB"]
[PlyCount "103"]
[EventDate "1993.??.??"]
[EventType "tourn"]
[EventRounds "9"]
[EventCountry "UKR"]
[EventCategory "10"]
[SourceTitle "CBM 036"]
[Source "ChessBase"]
[SourceDate "1993.10.01"]
[SourceVersion "1"]
[SourceVersionDate "1993.10.01"]
[SourceQuality "1"]

1. d4 Nf6 2. c4 e6 3. Nc3 Bb4 4. Qc2 c5 5. dxc5 O-O (5... Bxc5 6. Nf3 Qb6 7. e3
Qc7 8. a3 (8. b3 a6 9. Bb2 b6 (9... Be7 10. g4 $1 h6 11. Rg1 Nc6 12. h4 h5 13.
gxh5 Nxh5 14. Be2 d5 $6 15. cxd5 exd5 16. Nxd5 Qa5+ 17. Qd2 $16 {Nogueiras,
J-Kortschnoi,V/Zagreb izt/1987/}) 10. Bd3 Bb7 11. Ne4 Be7 12. O-O (12. Ke2 Nc6
13. a3 h6 14. Rac1 Rc8 15. Rhg1 $1 Nxe4 16. Bxe4 Bf6 17. g4 Nb4 $5 18. axb4
Bxe4 19. Qxe4 Bxb2 20. Rc2 Bf6 21. Ra2 $14 {Hansen,LB-Stempin,P/Warsaw/1990/})
12... d6 13. Nxf6+ Bxf6 14. Bxf6 gxf6 15. Be4 d5 $5 16. Bd3 dxc4 17. Bxc4 Nd7
18. Rac1 Rc8 19. Qb2 Qb8 20. Be2 O-O $10 {Yakovich,Y-Gurevich,M/Moscow
Alekhine op/1992/}) 8... a6 9. Bd3 Be7 10. O-O d6 11. b4 b6 12. Bb2 Bb7 13. Qe2
Nbd7 14. h3 O-O 15. e4 $14 {Sherbakov,R-Gurevich,M/Helsinki op/1992/}) 6. a3
Bxc5 7. Nf3 Qb6 $5 {An interesting idea of Mikhail Gurevich.Black sacrifices a
tempo to lock up Bc1 behind Pe3.This game shows the correct way of playing
against this set-up.} (7... b6 8. Bf4 (8. Bg5 Be7 9. e3 Bb7 10. Be2 d6 11. O-O
Nbd7 12. Rfd1 a6 $10 {Onischuk,A-Papaioannou,I/Vejen J-EUch/1993/}) 8... Bb7 9.
Rd1 Nc6 10. e4 Ng4 11. Bg3 f6 12. Nb5 Nge5 13. Be2 Rc8 14. O-O Nxf3+ 15. Bxf3
e5 16. Bg4 Nd4 17. Nxd4 Bxd4 18. Rxd4 $1 exd4 19. Rd1 Qe8 20. f3 g6 21. Rxd4
Bc6 22. Bd6 $16 {Lautier,J-Wahls,M/Baden Baden/1992/}) (7... Nc6 8. Bf4 (8. Bg5
Nd4 (8... b6 9. Rd1 Be7 10. e3 Bb7 11. Be2 d6 12. Rd2 Qb8 13. O-O h6 14. Bh4
Rd8 15. Rfd1 $14 {Kortschnoj,V-Tiviakov,S/Tilburg/1992/}) 9. Nxd4 Bxd4 10. e3
Qa5 11. exd4 Qxg5 12. Qd2 (12. g3 $5 $14) 12... Qxd2+ 13. Kxd2 d6 (13... b6 14.
Bd3 Bb7 15. f3 d6 16. b4 Rfd8 17. Rhb1 Bc6 18. Nd1 g6 19. Ne3 $14 {Salov,
V-Andersson,U/Reykjavik/1991/}) 14. Bd3 Bd7 15. b4 e5 16. Ne4 Nxe4+ 17. Bxe4
Rac8 18. Rhc1 b6 19. dxe5 dxe5 20. c5 Rfd8 21. Ke3 $14 {Lautier,J-Kortschnoj,V/
Biel/1992/}) 8... b6 (8... Nh5 9. Bg3 f5 10. e4 g6 11. O-O-O b6 12. Qd2 $1 $16
{Gelfand,B-Andersson,U/Tilburg/1990/}) 9. Rd1 Bb7 10. e3 (10. b4 Be7 11. e4 Rc8
12. Bd3 Nh5 13. Be3 Qc7 14. O-O Nf6 15. h3 Rfd8 16. Rc1 d6 17. Nd5 $5 $13 {
1/2/Kouatly,B-Hjartarson,J/Reykjavik FRA-ISD/1993/}) 10... Rc8 11. Be2 Be7 12.
O-O $1 (12. e4 $6 Nh5 13. Bc1 a6 14. O-O Qc7 $15 {Lautier,J-Larsen,B/Cannes/
1989/}) 12... Na5 13. Nb5 Be4 14. Qa4 a6 15. Nd6 b5 16. cxb5 Bc2 17. Qd4 Nb3
18. Nxc8 $1 Nxd4 19. Nxe7+ Qxe7 20. Rxd4 Nd5 21. Bg3 f5 22. bxa6 $16 {
Maksimenko,A-Ovseevich,S/Nikolaev zt/1993/}) 8. e3 Be7 (8... Qc7 9. Bd3 h6 $1 {
prevents g2-g4} 10. b3 (10. Rg1 $5) 10... b6 11. Bb2 Bb7 12. Ne4 Nxe4 13. Bxe4
Be7 14. Bxb7 Qxb7 15. O-O Rc8 $1 16. Qd3 d6 $10 {Savchenko,S-Shneider,A/
Kherson/1989/}) 9. Bd3 d6 (9... h6 $5) 10. g4 $1 {A strong idea in this type
of position;first seen in Nogueiras,J-Kortschnoi,V, Zagreb izt/1987.White uses
the won tempo(Qb6)to grab the initiative.} g6 11. g5 Nh5 12. Bd2 Bd7 13. Rg1
Nc6 14. Ne4 $1 Rac8 15. Bc3 e5 $8 16. Nh4 $1 $16 {/\Be2} Kh8 (16... Na5 17. Be2
Nxc4 $2 18. Bxh5 gxh5 19. Nf6+ Bxf6 20. gxf6+ Kh8 21. Rg7 $18) 17. Be2 Ng7 18.
Rd1 $1 Nf5 (18... Na5 $2 19. c5 $1 $18) 19. Nxf5 Bxf5 20. Bg4 $1 Bxg4 21. Rxg4
Qc7 (21... Na5 22. Bxa5 Qxa5+ 23. Nc3 $16) 22. Rd5 $1 Rcd8 23. Qd3 Qc8 24. f3
Qe6 25. Rg2 $5 (25. Kd1 $5 {/\Kc2-b1} h6 (25... h5 26. Rg2) 26. h4 h5 27. Rg3
$16) 25... Qh3 26. Qf1 h6 $1 27. Rgd2 $1 Qh4+ 28. Qf2 Qh5 (28... hxg5 29. Qxh4+
gxh4 30. Nxd6 $16) 29. Nxd6 Bxg5 30. Ke2 Rd7 (30... f6 31. Nxb7 $18) 31. Bxe5+
Nxe5 32. Rxe5 f6 (32... Rfd8 $2 33. Nxf7+ $1 $18) 33. Red5 Re7 34. R2d3 f5 35.
Kd2 Bf6 36. Kc2 Be5 37. Rd2 a6 (37... Bxd6 $142 38. Rxd6 Rc7) 38. c5 Bg7 39. e4
$1 $18 Qg5 40. f4 Qg4 41. exf5 gxf5 42. Kb1 Rf6 43. Qg3 Qh5 44. Qd3 $1 Qg4 45.
Nxf5 Re1+ 46. Ka2 Qxf4 47. Nxg7 Kxg7 48. Rg2+ Kf8 49. Rd8+ Re8 50. Qh7 $1 Qc4+
51. b3 Qf7 52. Rg8+ $1 (52. Rg8+ $1 Qxg8 53. Rxe8+ $18) 1-0

[Event "ROM-ch"]
[Site "Bucharest"]
[Date "1998.12.17"]
[Round "9"]
[White "Grigore, George Gabriel"]
[Black "Ionescu, Constantin"]
[Result "1/2-1/2"]
[WhiteElo "2475"]
[BlackElo "2515"]
[Annotator "Hecht,H"]
[PlyCount "100"]
[EventDate "1998.12.08"]
[EventType "tourn"]
[EventRounds "15"]
[EventCountry "ROU"]
[EventCategory "9"]
[SourceTitle "CBM 069"]
[Source "ChessBase"]
[SourceDate "1999.04.01"]
[SourceVersion "1"]
[SourceVersionDate "1999.04.01"]
[SourceQuality "1"]

1. d4 Nf6 2. c4 e6 3. Nc3 Bb4 4. Qc2 c5 5. dxc5 O-O 6. a3 Bxc5 7. Nf3 b6 8. Bg5
Bb7 9. e4 h6 10. Bh4 Be7 11. Rd1 Nh5 12. Bxe7 Qxe7 13. Nb5 d5 14. e5 dxc4 15.
Qxc4 a6 16. Nd6 Bxf3 17. gxf3 Qg5 18. Qe4 Ra7 19. h4 Qf4 20. Qxf4 Nxf4 21. Rd4
Nd5 22. Bc4 Nc6 23. Re4 Rd8 24. f4 Nxf4 25. Rxf4 Nxe5 26. Re4 Rxd6 27. Rxe5 Rc7
28. Re4 b5 29. Bf1 Rc1+ 30. Ke2 Rc2+ 31. Kf3 Rxb2 32. Be2 Ra2 33. Re3 Rd4 34.
h5 Ra4 35. Rc1 R2xa3 36. Rc8+ Kh7 37. Bd3+ f5 38. Rd8 Rh4 39. Kg2 Raa4 40. Rxe6
Rxh5 41. Rf8 Rg5+ 42. Kf3 Ra3 43. Re3 Kg6 44. Rxf5 Kh5 45. Kf4 Kh4 46. Rxg5
hxg5+ 47. Kf3 g4+ 48. Kg2 b4 49. Be2 Rxe3 50. fxe3 a5 {[#] Wieso ist die
Position remis? Der schwarze g-Bauer bindet den weißen König, die
Damenflügelbauern den Läufer. Der e-Bauer ist deshalb nicht zu halten.} (50...
a5 51. Bd1 Kg5 52. Bc2 Kf6 53. Kg3 Ke5 54. Kxg4 (54. Kf2 $6 Kd5 {[%cal Rd5c4]})
54... b3 (54... Kd5 55. Kf5 Kc4 56. e4 b3 57. Bxb3+ Kxb3 58. e5 $11) 55. Bxb3
Ke4 $11) 1/2-1/2

[Event "GRE-GEO"]
[Site "Athens"]
[Date "2003.09.24"]
[Round "6"]
[White "Nikolaidis, Ioannis"]
[Black "Khetsuriani, Besarion"]
[Result "1-0"]
[WhiteElo "2478"]
[BlackElo "2368"]
[Annotator "Hecht,H"]
[PlyCount "141"]
[EventDate "2003.09.18"]
[EventType "team"]
[EventRounds "6"]
[EventCountry "GRE"]
[SourceTitle "CBM 098"]
[Source "ChessBase"]
[SourceDate "2004.02.03"]
[SourceVersion "1"]
[SourceVersionDate "2004.02.03"]
[SourceQuality "1"]

1. Nf3 Nf6 2. c4 e6 3. Nc3 Bb4 4. Qc2 O-O 5. d4 c5 6. dxc5 Na6 7. e3 Nxc5 8.
Be2 b6 9. O-O Bb7 10. b3 Nce4 11. Nxe4 Bxe4 12. Bd3 Bxd3 13. Qxd3 d5 14. Bb2
dxc4 15. Qxc4 Be7 16. Ne5 Qd5 17. Qxd5 Nxd5 18. e4 Nf6 19. Nc6 Rfe8 20. Nxe7+
Rxe7 21. f3 Rd7 22. Rad1 Rc8 23. Rxd7 Nxd7 24. Rd1 Nf6 25. Kf2 Kf8 26. Ke3 Ke8
27. g4 Rc5 28. h4 h6 29. Rd3 Rc2 30. Rd2 Rc5 31. Bd4 Rc6 32. Kd3 Kd7 33. Bc3
Ke8 34. Rc2 Kd7 35. Bb4 Rxc2 36. Kxc2 {Weiß besitzt die bessere Leichtfigur
und hat einigen Raumvorteil.} h5 $5 (36... e5 37. Bf8 Ne8 38. h5 Ke6 39. Kd3 f6
$14) (36... g6 37. Bc3 Ke7 $14) 37. Bc3 Ke7 38. g5 Ne8 39. Kd3 f6 40. f4 fxg5
41. fxg5 Kd6 42. Kc4 a6 $6 {weicht die Bauernstruktur am Damenflügel auf.} (
42... e5 $1 $11 {schränkt den Läufer ein und macht den Springer beweglich.})
43. Bd4 b5+ 44. Kb4 g6 45. Ka5 Kc6 46. Be5 $1 {[%mdl 4128] [#] Das ist der
Punkt! Der Springer wird völlig lahmgelegt und kommt - wenn möglich - auch
über g7 nicht ins Spiel.} Kb7 47. Bg3 Ka7 48. Bf4 Kb7 49. Be5 Ka7 50. a4 bxa4
51. Kxa4 Kb6 52. Kb4 Kc6 53. Ka5 Kb7 54. b4 Ka7 55. b5 axb5 56. Kxb5 Kb7 57.
Kc5 {Nach dem Verschwinden aller Bauern am Damenflügel geht ans ans
Eingemachte, sprich dem Springer an den Kragen.} Kc8 58. Kc6 Kd8 59. Bd6 ({
Zwingender erscheint} 59. Bf6+ Kc8 (59... Nxf6 60. gxf6 Ke8 61. Kd6 Kf7 62. e5
g5 63. hxg5 h4 64. g6+ Kxg6 65. Kxe6 h3 66. f7 h2 67. f8=Q h1=Q 68. Qg8+ $18)
60. e5 Nc7 61. Kd6 Nd5 62. Kxe6 Nf4+ 63. Ke7 Ng2 64. e6 Nxh4 65. Kf7 Nf5 66. e7
Nd6+ 67. Kxg6 h4 68. Be5 Ne8 69. Kf7 Kd7 70. g6 h3 71. g7 Nxg7 72. Bxg7 $18)
59... Ng7 60. Bf8 Ne8 61. e5 Kc8 62. Be7 Ng7 63. Kd6 Nf5+ 64. Kxe6 Nxh4 65. Kf7
Nf5 66. Bc5 h4 67. Kxg6 h3 68. Bg1 {Jetzt wird der e-Bauer der Gewinnbauer
sein, der von h2 aus gedeckt werden kann unter gleichzeitiger Blockade des Bh3.
} Ne7+ 69. Kf7 Kd8 70. g6 Nf5 71. g7 1-0

[Event "YUG-ch 56th"]
[Site "Herceg Novi"]
[Date "2001.04.02"]
[Round "10"]
[White "Djukic, Nikola"]
[Black "Kovacevic, Aleksandar"]
[Result "1/2-1/2"]
[WhiteElo "2389"]
[BlackElo "2521"]
[Annotator "Hecht,H"]
[PlyCount "121"]
[EventDate "2001.03.23"]
[EventType "tourn"]
[EventRounds "15"]
[EventCountry "YUG"]
[EventCategory "10"]
[SourceTitle "CBM 083"]
[Source "ChessBase"]
[SourceDate "2001.07.05"]
[SourceVersion "1"]
[SourceVersionDate "2001.07.05"]
[SourceQuality "1"]

1. d4 Nf6 2. c4 e6 3. Nc3 Bb4 4. Qc2 c5 5. dxc5 O-O 6. a3 Bxc5 7. Nf3 b6 8. Bg5
Bb7 9. e4 h6 10. Bh4 Be7 11. Be2 d6 12. O-O Nbd7 13. Rfd1 Qc7 14. Rac1 a6 15.
Nd2 Rac8 16. Bg3 Qb8 17. Qd3 Bc6 18. b4 Ne5 19. Qd4 Rfd8 20. Nb3 Ng6 21. a4 Qb7
22. f3 d5 23. cxd5 exd5 24. e5 Nh5 25. f4 Nxg3 26. hxg3 Nf8 27. f5 Bg5 28. Rb1
Qb8 29. Bxa6 Rc7 30. a5 Re7 31. Re1 Nd7 32. e6 fxe6 33. fxe6 Qxg3 34. Nxd5 Kh8
35. Qc3 Qxc3 36. Nxc3 Nb8 37. Bc4 Rc8 38. Bd5 bxa5 39. Nxa5 Bd2 40. Nxc6 Nxc6
41. Bxc6 Rxc6 42. Nd5 Bxe1 43. Nxe7 Rxe6 44. Nd5 Bg3 45. b5 Re5 46. Nc7 {
[#] Gute Kooperation zwischen Turm und Läufer kompensieren den weißen
Freibauer - und mehr!} Rf5 $1 {mit versteckter Matt- und Abzugsdrohung.} 47.
Na8 $6 (47. b6 $2 Bf2+ 48. Kf1 Bxb6+ $19) (47. Ne6 $2 Bf2+ 48. Kf1 Bb6+ 49. Ke2
Re5+ $19) (47. Na6 $1 Bf2+ 48. Kf1 Bb6+ 49. Ke1 Kg8 $15) 47... Rf8 48. Ra1 Bf2+
49. Kh2 Rf5 {[%csl Rb5][%cal Rf5h5]} 50. g4 Rxb5 51. Nc7 Rb2 52. Ne6 Bd4+ 53.
Kh1 Be5 (53... Bf6 $1 54. Ra8+ Kh7 55. Nf8+ Kg8 56. Nd7+ Kf7 57. Nxf6 Kxf6 58.
Ra5 Kg6 $1 (58... Rb4 $2 59. g5+ $11) 59. Rc5 (59. Ra6+ Kg5 60. Ra7 g6 61. Rh7
Rb4 $19) 59... Rb4 60. g5 h5 $19) 54. Ra8+ Bb8 (54... Kh7 55. Nf8+ Kg8 56. Nd7+
) 55. Nf8 Rb7 (55... Bd6 $142 56. g5 Kg8 57. gxh6 gxh6 58. Ne6+ Kf7 59. Nd4 $15
) 56. Nd7 Rxd7 57. Rxb8+ Kh7 58. Kg2 Kg6 59. Rb5 $15 Rd6 60. Ra5 Kf6 61. Kf2
1/2-1/2